Ориентационное акустическое излучение, возникающее при движении электронов вблизи кристаллографической оси в вольфраме; Известия вузов. Физика; Т. 31, № 2

Podrobná bibliografie
Parent link:Известия вузов. Физика/ Министерство общего и профессионального образования Российской Федерации ; Томский Госуниверситет.— , 1958-
Т. 31, № 2.— 1988.— С. 117-118
Další autoři: Алейник А. Н. Александр Никонорович, Воробьев С. А. Сергей Александрович, Забаев В. Н. Виктор Николаевич, Ильин С. И., Калинин В. Н., Потылицын А. П. Александр Петрович
Jazyk:ruština
Vydáno: 1988
Témata:
Médium: MixedMaterials Kapitola
KOHA link:https://koha.lib.tpu.ru/cgi-bin/koha/opac-detail.pl?biblionumber=528510

MARC

LEADER 00000naa2a2200000 4500
001 528510
005 20240214105820.0
035 |a (RuTPU)RU\TPU\prd\213700 
035 |a RU\TPU\prd\213697 
090 |a 528510 
100 |a 20140222a1988 k y0rusy50 ca 
101 0 |a rus 
102 |a RU 
200 1 |a Ориентационное акустическое излучение, возникающее при движении электронов вблизи кристаллографической оси в вольфраме  |f А. Н. Алейник [и др.] 
320 |a Библиогр.: с. 118 (4 назв.) 
461 0 |0 (RuTPU)RU\TPU\prd\191  |t Известия вузов. Физика  |f Министерство общего и профессионального образования Российской Федерации ; Томский Госуниверситет  |d 1958- 
463 0 |0 (RuTPU)RU\TPU\prd\77025  |t Т. 31, № 2  |v С. 117-118  |d 1988 
610 1 |a труды учёных ТПУ 
701 1 |a Алейник  |b А. Н.  |c физик  |c старший научный сотрудник Томского политехнического университета, кандидат физико-математических наук  |f 1944-  |g Александр Никонорович  |3 (RuTPU)RU\TPU\pers\29756  |4 070 
701 1 |a Воробьев  |b С. А.  |c физик  |c старший научный сотрудник Томского политехнического университета  |f 1944-1992  |g Сергей Александрович  |3 (RuTPU)RU\TPU\pers\19776  |4 070 
701 1 |a Забаев  |b В. Н.  |c физик  |c доцент Томского политехнического университета, ведущий научный сотрудник  |f 1946-  |g Виктор Николаевич  |3 (RuTPU)RU\TPU\pers\28133  |4 070 
701 1 |a Ильин  |b С. И. 
701 1 |a Калинин  |b В. Н. 
701 1 |a Потылицын  |b А. П.  |c российский физик  |c профессор Томского политехнического университета  |f 1945-  |g Александр Петрович  |3 (RuTPU)RU\TPU\pers\15853  |4 070  |9 5531 
801 1 |a RU  |b 63413507  |c 20100604 
801 2 |a RU  |b 63413507  |c 20140222  |g RCR 
942 |c BK